[Event "Guernsey Open"]
[Site "Guernsey GCI"]
[Date "2008.10.20"]
[Round "2"]
[White "Dijksterhuis, Rolf"]
[Black "Goris Schouwstra, Adri"]
[Result "1-0"]
[WhiteElo "2040"]
[BlackElo "1943"]
[PlyCount "93"]
[EventDate "2008.10.19"]
[SourceDate "2006.10.28"]

1. e4 e6 2. d4 d5 3. Nc3 Nf6 4. Bd3 c5 5. Nf3 Nc6 6. exd5 Nxd5 7. Nxd5 Qxd5 8.
dxc5 Bxc5 9. c3 a6 10. O-O O-O 11. Qc2 Qh5 12. Re1 Bd6 13. h3 Bd7 14. Bxh7+
Qxh7 15. Qxh7+ Kxh7 16. Rd1 Ne5 17. Nxe5 Bxe5 18. Rxd7 Rfd8 19. Rxd8 Rxd8 20.
Be3 Rd7 21. Kf1 Rd5 22. Ke2 Rb5 23. Bc1 Bf6 24. a4 Rb6 25. Ra2 Kg6 26. Be3 Rc6
27. Kd3 e5 28. f3 Kf5 29. Ra3 Rd6+ 30. Ke2 Ke6 31. Rb3 Rd7 32. Ra3 Bd8 33. Ra1
f5 34. Rd1 Rxd1 35. Kxd1 f4 36. Bf2 Kd5 37. b3 Bc7 38. c4+ Kc6 39. Ke2 Bd6 40.
Kd3 g6 41. Ke4 a5 42. g4 Bc7 43. h4 Kd6 44. Be1 Ke6 45. Bc3 Bd8 46. h5 gxh5 47.
gxh5 1-0

[Event "Guernsey Open"]
[Site "Guernsey GCI"]
[Date "2008.10.20"]
[Round "2"]
[White "De Kruif, Kees"]
[Black "Heath, Jeffrey"]
[Result "1-0"]
[WhiteElo "2038"]
[BlackElo "1925"]
[PlyCount "55"]
[EventDate "2008.10.19"]
[SourceDate "2006.10.28"]

1. b4 d5 2. Bb2 Nf6 3. e3 Bf5 4. c4 e6 5. b5 Nbd7 6. Nf3 a6 7. a4 axb5 8. axb5
Rxa1 9. Bxa1 Qa8 10. Nc3 dxc4 11. Bxc4 Nb6 12. Be2 Bd6 13. O-O O-O 14. Nh4 Be4
15. Nxe4 Nxe4 16. Bd3 Nc5 17. Qg4 f6 18. Bb1 Qe8 19. d4 Ncd7 20. Ba2 Kf7 21. f4
Rh8 22. f5 Nf8 23. fxe6+ Nxe6 24. Nf3 h6 25. Nh4 Rg8 26. e4 Nd7 27. e5 Bf8 28.
d5 1-0

[Event "Guernsey Open"]
[Site "Guernsey GCI"]
[Date "2008.10.20"]
[Round "2"]
[White "Murray, John Stephen"]
[Black "Badenhop, WEH."]
[Result "1/2-1/2"]
[WhiteElo "2005"]
[BlackElo "1900"]
[PlyCount "40"]
[EventDate "2008.10.19"]
[SourceDate "2006.10.28"]

1. e4 g6 2. d4 Bg7 3. Nf3 c6 4. Be2 d5 5. e5 f6 6. O-O Bg4 7. Re1 Nd7 8. exf6
Ngxf6 9. Nbd2 Bxf3 10. Bxf3 O-O 11. Nb3 b6 12. Qe2 Rf7 13. Bg5 Qc7 14. Rad1 Re8
15. Qe6 Nf8 16. Qe3 N6d7 17. Bg4 e5 18. Bh6 e4 19. Bxg7 Kxg7 20. Qg3 Qxg3
1/2-1/2

[Event "Guernsey Open"]
[Site "Guernsey GCI"]
[Date "2008.10.20"]
[Round "2"]
[White "Glover, John"]
[Black "Fassaert, DJM."]
[Result "1/2-1/2"]
[WhiteElo "1888"]
[BlackElo "2002"]
[PlyCount "34"]
[EventDate "2008.10.19"]
[SourceDate "2006.10.28"]

1. Nf3 c5 2. c4 Nc6 3. g3 g6 4. Bg2 Bg7 5. Nc3 e5 6. d3 Nge7 7. O-O O-O 8. e4
d6 9. a3 a5 10. Rb1 h6 11. Ne1 f5 12. exf5 Nxf5 13. Nc2 Bd7 14. Nd5 Rb8 15.
Nde3 Kh7 16. Nxf5 Bxf5 17. b4 axb4 1/2-1/2

[Event "Guernsey Open"]
[Site "Guernsey GCI"]
[Date "2008.10.20"]
[Round "2"]
[White "Guttridge, David"]
[Black "Van der Sanden, Martin"]
[Result "1/2-1/2"]
[WhiteElo "1992"]
[BlackElo "1884"]
[PlyCount "35"]
[EventDate "2008.10.19"]
[SourceDate "2006.10.28"]

1. d4 Nf6 2. Nf3 g6 3. e3 Bg7 4. Bd3 O-O 5. b3 c5 6. O-O d6 7. Bb2 Nc6 8. Nbd2
a6 9. c4 e6 10. Rc1 b6 11. Qe2 Bb7 12. Rfd1 Qe7 13. Bb1 Nd7 14. Ne4 Rfd8 15.
dxc5 Nxc5 16. Bxg7 Kxg7 17. Nc3 Qf6 18. Ne4 1/2-1/2

[Event "Guernsey Open"]
[Site "Guernsey GCI"]
[Date "2008.10.20"]
[Round "2"]
[White "Dennis, Nigel W"]
[Black "Bridel, Jon R"]
[Result "1-0"]
[WhiteElo "1978"]
[BlackElo "1482"]
[PlyCount "61"]
[EventDate "2008.10.19"]
[SourceDate "2006.10.28"]

1. e4 b6 2. c4 Bb7 3. Nc3 e6 4. d4 Bb4 5. f3 Nc6 6. Be3 Nge7 7. d5 exd5 8. cxd5
Bxc3+ 9. bxc3 Ne5 10. Bd4 f6 11. Nh3 c6 12. f4 Nf7 13. Qg4 Rg8 14. Qh5 cxd5 15.
e5 Qc7 16. Bd3 Rf8 17. O-O O-O-O 18. exf6 gxf6 19. Bxf6 Rde8 20. Rae1 Qd6 21.
Bd4 Nd8 22. Qxh7 Ne6 23. Be5 Qc5+ 24. Kh1 Rg8 25. f5 Ng5 26. Nxg5 Rxg5 27. Bd4
Qd6 28. f6 Reg8 29. fxe7 Re8 30. Qf7 Qxh2+ 31. Kxh2 1-0

[Event "Guernsey Open"]
[Site "Guernsey GCI"]
[Date "2008.10.21"]
[Round "3"]
[White "Reijneveld, Ad"]
[Black "Hillarp Persson, Tiger"]
[Result "0-1"]
[WhiteElo "2196"]
[BlackElo "2543"]
[PlyCount "66"]
[EventDate "2008.10.19"]
[SourceDate "2006.10.28"]

1. e4 c5 2. Nf3 e6 3. d4 cxd4 4. Nxd4 a6 5. Bd3 Bc5 6. Nb3 Be7 7. Qg4 g6 8. Qe2
d6 9. Nc3 Nd7 10. O-O Qc7 11. Bd2 h5 12. f4 Ngf6 13. a4 b6 14. Rae1 Bb7 15. Kh1
h4 16. Nd4 h3 17. g3 Nc5 18. Kg1 d5 19. exd5 Nxd3 20. cxd3 Bc5 21. Be3 Nxd5 22.
Nxd5 Bxd5 23. f5 gxf5 24. Nxf5 Rg8 25. d4 Bf8 26. Rc1 Qd7 27. Bf2 Bb7 28. Ne3
Qxd4 29. Rc4 Qe5 30. Qc2 Bc5 31. Ng4 Rxg4 32. Rxg4 Qd5 33. Rg8+ Bf8 0-1

[Event "Guernsey Open"]
[Site "Guernsey GCI"]
[Date "2008.10.21"]
[Round "3"]
[White "Kurajica, Bojan"]
[Black "Taylor, Mark V"]
[Result "1-0"]
[WhiteElo "2540"]
[BlackElo "2146"]
[PlyCount "37"]
[EventDate "2008.10.19"]
[SourceDate "2006.10.28"]

1. d4 e6 2. g3 f5 3. Bg2 Nf6 4. Nh3 d6 5. O-O Be7 6. c3 O-O 7. Nd2 c6 8. Nf4 d5
9. c4 Bd6 10. Nd3 Ne4 11. Qc2 Nd7 12. Nf3 Qf6 13. b4 a5 14. bxa5 Rxa5 15. a4 b5
16. c5 Bc7 17. Bf4 Bxf4 18. gxf4 bxa4 19. Nfe5 1-0

[Event "Guernsey Open"]
[Site "Guernsey GCI"]
[Date "2008.10.21"]
[Round "3"]
[White "Timmermans, Ivo"]
[Black "Spanton, Timothy"]
[Result "1-0"]
[WhiteElo "2226"]
[BlackElo "1982"]
[PlyCount "39"]
[EventDate "2008.10.19"]
[SourceDate "2006.10.28"]

1. e4 e5 2. Nf3 Nc6 3. Bb5 Nf6 4. O-O Nxe4 5. d4 Nd6 6. Bxc6 dxc6 7. dxe5 Nf5
8. Qxd8+ Kxd8 9. Nc3 Ke8 10. h3 Be7 11. b3 Be6 12. Bg5 Rd8 13. Rad1 h5 14.
Rxd8+ Bxd8 15. Rd1 Be7 16. Bxe7 Kxe7 17. Ne2 a5 18. Nf4 c5 19. Ng5 b6 20. Ngxe6
1-0

[Event "Guernsey Open"]
[Site "Guernsey GCI"]
[Date "2008.10.21"]
[Round "3"]
[White "Wismayer, Clive R"]
[Black "Burrows, Martin P"]
[Result "1/2-1/2"]
[WhiteElo "2111"]
[BlackElo "2196"]
[PlyCount "52"]
[EventDate "2008.10.19"]
[SourceDate "2006.10.28"]

1. e4 c5 2. Nf3 d6 3. Bb5+ Nd7 4. d4 Ngf6 5. O-O cxd4 6. Qxd4 e5 7. Qd3 h6 8.
c4 Be7 9. c5 dxc5 10. Nxe5 O-O 11. Nxd7 Bxd7 12. Nc3 Bxb5 13. Qxb5 Qc7 14. Qe2
Rad8 15. b3 Rfe8 16. Bb2 Qf4 17. Rad1 Bf8 18. g3 Qg4 19. Qxg4 Nxg4 20. Nd5 Bd6
21. f3 Be5 22. fxg4 Bxb2 23. Ne7+ Kf8 24. Ng6+ Kg8 25. Ne7+ Kf8 26. Ng6+ Kg8
1/2-1/2

[Event "Guernsey Open"]
[Site "Guernsey GCI"]
[Date "2008.10.21"]
[Round "3"]
[White "Spraggett, Kevin"]
[Black "Simmons, Matthew"]
[Result "1-0"]
[WhiteElo "2597"]
[BlackElo "2067"]
[PlyCount "59"]
[EventDate "2008.10.19"]
[SourceDate "2006.10.28"]

1. Nf3 c5 2. c4 Nf6 3. g3 g6 4. Bg2 Bg7 5. d4 O-O 6. Nc3 cxd4 7. Nxd4 Nc6 8.
O-O Nxd4 9. Qxd4 d6 10. Qd3 Nd7 11. b3 Rb8 12. Be3 Ne5 13. Qd2 b6 14. Bd4 Bg4
15. f4 Nd7 16. Bxg7 Kxg7 17. e4 f6 18. Nb5 Nc5 19. Nxa7 Qd7 20. Nb5 Bh3 21.
Bxh3 Qxh3 22. Rae1 h5 23. Qg2 Qg4 24. Re3 Rh8 25. Nc3 Rh7 26. h3 Qd7 27. Rd1
Ne6 28. e5 h4 29. exf6+ Kxf6 30. Nd5+ 1-0

[Event "Guernsey Open"]
[Site "Guernsey GCI"]
[Date "2008.10.21"]
[Round "3"]
[White "Wallace, Paul Anthony"]
[Black "Ippel, Cornelius J"]
[Result "1-0"]
[WhiteElo "2259"]
[BlackElo "2065"]
[PlyCount "71"]
[EventDate "2008.10.19"]
[SourceDate "2006.10.28"]

1. e4 e6 2. d4 d5 3. Nd2 Nf6 4. e5 Nfd7 5. Bd3 c5 6. c3 Nc6 7. Ne2 Qb6 8. Nf3
cxd4 9. cxd4 Be7 10. O-O f6 11. Nf4 Nf8 12. Re1 Bd7 13. Nh5 Kd8 14. exf6 gxf6
15. Bh6 Nxd4 16. Bg7 Rg8 17. Bxf6 Bxf6 18. Nxf6 Rg7 19. Ne5 Nc6 20. Nexd7 Nxd7
21. Rxe6 Nxf6 22. Rxf6 Kc7 23. Qf3 Rd8 24. Qf4+ Kc8 25. Bf5+ Rgd7 26. Bxd7+
Rxd7 27. Rf8+ Rd8 28. Rxd8+ Qxd8 29. b4 a6 30. a4 Qc7 31. Qf8+ Qd8 32. Qc5 Qe7
33. Rc1 Kb8 34. Qxe7 Nxe7 35. f4 Nc6 36. f5 1-0

[Event "Guernsey Open"]
[Site "Guernsey GCI"]
[Date "2008.10.21"]
[Round "3"]
[White "Thurlow, Kevin J"]
[Black "Spice, Alan"]
[Result "0-1"]
[WhiteElo "2062"]
[BlackElo "2173"]
[PlyCount "131"]
[EventDate "2008.10.19"]
[SourceDate "2006.10.28"]

1. c4 f5 2. d4 e6 3. Nc3 Nf6 4. g3 Bb4 5. Bd2 O-O 6. Bg2 a5 7. e3 d6 8. Nge2 e5
9. Qb3 Qe8 10. a3 Bxc3 11. Bxc3 a4 12. Qc2 Nc6 13. Rd1 Na5 14. dxe5 dxe5 15.
Bb4 Rf7 16. O-O e4 17. Nf4 Nc6 18. Bc3 Ng4 19. h4 Be6 20. Qe2 Nce5 21. Nxe6
Qxe6 22. Rd4 Rd7 23. Rxd7 Qxd7 24. f3 exf3 25. Bxf3 Nxf3+ 26. Qxf3 Qe6 27. Qxf5
Qxe3+ 28. Kh1 Nh6 29. Qd5+ Kh8 30. Qe5 Qxe5 31. Bxe5 c6 32. Rf4 Kg8 33. c5 Ra5
34. Bd6 Nf7 35. Rb4 {(=)} Nxd6 36. cxd6 b5 37. d7 Ra8 38. Rd4 Rd8 39. Rd6 Kf7
40. Rxc6 Rxd7 41. Rc2 Ke6 42. Kg2 Rd3 43. h5 Rd5 44. g4 Kf6 45. Kf3 Ke5 46.
Re2+ Kd6 47. Kf4 g5+ 48. hxg6 hxg6 49. g5 Rd4+ 50. Kg3 Kd5 51. Re3 Rd2 52. b4
Kd4 53. Re6 Rd3+ 54. Kf4 Rxa3 55. Rxg6 Kc4 56. Rc6+ Kxb4 57. g6 Ra1 58. Ke4 Rg1
59. Kd3 Kb3 60. Rc3+ Kb4 61. Rc6 Rg2 62. Ra6 Kb3 63. Kd4 a3 64. Kc5 Rg5+ 65.
Kd4 a2 66. Ra5 0-1

[Event "Guernsey Open"]
[Site "Guernsey GCI"]
[Date "2008.10.21"]
[Round "3"]
[White "Brown, Tom"]
[Black "Collier, David O"]
[Result "1/2-1/2"]
[WhiteElo "1966"]
[BlackElo "2089"]
[PlyCount "50"]
[EventDate "2008.10.19"]
[SourceDate "2006.10.28"]

1. d4 Nf6 2. c4 e6 3. Nc3 Bb4 4. e3 c5 5. Bd3 O-O 6. Nf3 d5 7. O-O Nc6 8. a3
Bxc3 9. bxc3 dxc4 10. Bxc4 Qc7 11. Qe2 e5 12. dxe5 Nxe5 13. Nxe5 Qxe5 14. f3
Bd7 15. e4 Bc6 16. Bd3 Rad8 17. Bb2 Nh5 18. Bc2 Nf4 19. Qf2 Rd6 20. Kh1 Rfd8
21. Rad1 Rxd1 22. Rxd1 Rxd1+ 23. Bxd1 Nd3 24. Qd2 Nxb2 25. Qxb2 Qd6 1/2-1/2

[Event "Guernsey Open"]
[Site "Guernsey GCI"]
[Date "2008.10.21"]
[Round "3"]
[White "Ruigrok, Jacques"]
[Black "Minnican, Alan William"]
[Result "0-1"]
[WhiteElo "1801"]
[BlackElo "2086"]
[PlyCount "102"]
[EventDate "2008.10.19"]
[SourceDate "2006.10.28"]

1. e4 Nc6 2. d4 d5 3. e5 f6 4. Bd3 g6 5. exf6 Nxf6 6. c3 e5 7. dxe5 Nxe5 8. Qe2
Qe7 9. Bc2 Neg4 10. Qxe7+ Bxe7 11. Nf3 Bd6 12. O-O O-O 13. h3 Ne5 14. Nxe5 Bxe5
15. Be3 Nh5 16. Nd2 Nf4 17. Bxf4 Bxf4 18. Rad1 Bf5 19. Bxf5 Rxf5 20. Rfe1 {(=)}
Raf8 21. Re2 Bxd2 22. Rdxd2 Rd8 23. Re7 Rf7 24. Re5 Rfd7 25. f3 Kf7 26. Kf2 c6
27. Ke1 Re7 28. Rxe7+ Kxe7 29. Re2+ Kd6 30. f4 Rd7 31. Kd2 c5 32. Kd3 b5 33. b4
cxb4 34. cxb4 Rc7 35. a3 Rc1 36. Re3 Ra1 37. Kd4 Ra2 38. g3 h5 39. g4 hxg4 40.
hxg4 Rf2 41. f5 Rf4+ 42. Kd3 gxf5 43. gxf5 Rxf5 44. Kd4 Rf4+ 45. Kd3 a5 46.
bxa5 Ra4 47. Kd2 Rxa5 48. Rh3 Ra4 49. Rb3 Kc5 50. Kc3 Rh4 51. Kc2 Rh2+ 0-1

[Event "Guernsey Open"]
[Site "Guernsey GCI"]
[Date "2008.10.21"]
[Round "3"]
[White "Westerkamp, Bert"]
[Black "Bellin, Robert"]
[Result "1/2-1/2"]
[WhiteElo "2070"]
[BlackElo "2405"]
[PlyCount "48"]
[EventDate "2008.10.19"]
[SourceDate "2006.10.28"]

1. Nf3 e6 2. c4 f5 3. d4 Nf6 4. g3 Be7 5. Bg2 O-O 6. Nc3 c6 7. O-O d5 8. Ne5
Nbd7 9. cxd5 exd5 10. Nd3 Ne4 11. f3 Nd6 12. Nf2 Nf6 13. Re1 Kh8 14. e4 fxe4
15. fxe4 dxe4 16. Ncxe4 Ndxe4 17. Nxe4 Bg4 18. Qd3 Nd5 19. Nc3 Bf5 20. Qe2 Bf6
21. Nxd5 cxd5 22. Be3 Re8 23. Qd2 Rc8 24. Rac1 Rxc1 1/2-1/2

[Event "Guernsey Open"]
[Site "Guernsey GCI"]
[Date "2008.10.21"]
[Round "3"]
[White "Bisby, Daniel L"]
[Black "Rowe, Peter"]
[Result "1-0"]
[WhiteElo "2287"]
[BlackElo "2053"]
[PlyCount "57"]
[EventDate "2008.10.19"]
[SourceDate "2006.10.28"]

1. e4 d6 2. Nc3 Nf6 3. Nge2 e5 4. g3 Be7 5. Bg2 c6 6. d4 Nbd7 7. O-O O-O 8. h3
b5 9. a3 a5 10. f4 Ra6 11. Kh2 b4 12. Na2 Qc7 13. c3 bxa3 14. bxa3 Rd8 15. c4
exd4 16. Nxd4 Nc5 17. Nc3 Bb7 18. Nf5 Bf8 19. Bb2 Rb6 20. Na4 Nxa4 21. Bxf6
gxf6 22. Qxa4 Rb2 23. Rab1 Rxb1 24. Rxb1 d5 25. cxd5 cxd5 26. Qd4 Bc8 27. Qxf6
Bxf5 28. Qxf5 Qc2 29. Qg5+ 1-0

[Event "Guernsey Open"]
[Site "Guernsey GCI"]
[Date "2008.10.21"]
[Round "3"]
[White "Van Ingen, Ton"]
[Black "Kett, Timothy"]
[Result "1-0"]
[WhiteElo "2051"]
[BlackElo "2272"]
[PlyCount "55"]
[EventDate "2008.10.19"]
[SourceDate "2006.10.28"]

1. d4 Nf6 2. Nf3 d5 3. c4 e6 4. Nc3 c6 5. Bg5 h6 6. Bxf6 Qxf6 7. e3 Nd7 8. cxd5
exd5 9. Bd3 g6 10. Rc1 Bg7 11. b4 Qd6 12. Qb3 Nf6 13. O-O O-O 14. b5 Re8 15.
bxc6 bxc6 16. Qc2 Bg4 17. Ne5 c5 18. Nb5 Qe7 19. Qxc5 Qxc5 20. Rxc5 Bf8 21.
Nxg4 Nxg4 22. Rxd5 Rec8 23. Rd7 a6 24. Nd6 Rc3 25. Be4 Rb8 26. Bf3 Nf6 27. Rxf7
Ne8 28. Bd5 1-0

[Event "Guernsey Open"]
[Site "Guernsey GCI"]
[Date "2008.10.21"]
[Round "3"]
[White "Van de Griendt, Monique"]
[Black "Goater, Kevin P"]
[Result "0-1"]
[WhiteElo "2049"]
[BlackElo "2205"]
[PlyCount "58"]
[EventDate "2008.10.19"]
[SourceDate "2006.10.28"]

1. c4 g6 2. Nf3 Bg7 3. Nc3 d6 4. d4 b6 5. e4 e6 6. Be2 Ne7 7. O-O O-O 8. Be3 h6
9. Qd2 Kh7 10. Ne1 Nd7 11. f4 f5 12. g4 Ba6 13. Qc2 fxe4 14. Nxe4 d5 15. Ng3
Bxc4 16. Bxc4 dxc4 17. Qxc4 Nd5 18. Ng2 N7f6 19. h3 Qd6 20. Rae1 Rae8 21. Nh4
Nxe3 22. Rxe3 Nd5 23. Nxg6 Nxe3 24. Nxf8+ Rxf8 25. Qd3+ Kg8 26. Re1 Qxf4 27.
Ne4 Nd5 28. a3 Qf3 29. Qc4 Qxh3 $138 {Time} 0-1

[Event "Guernsey Open"]
[Site "Guernsey GCI"]
[Date "2008.10.21"]
[Round "3"]
[White "Cornelisse, Johnny JA"]
[Black "Burton, Ronnie"]
[Result "1-0"]
[WhiteElo "2203"]
[BlackElo "2052"]
[PlyCount "93"]
[EventDate "2008.10.19"]
[SourceDate "2006.10.28"]

1. d4 g6 2. Nf3 Bg7 3. c4 d6 4. Nc3 e5 5. e4 Nc6 6. Be3 Bg4 7. d5 Nce7 8. Qa4+
Bd7 9. Qc2 f5 10. Ng5 f4 11. Bd2 Qc8 12. c5 a6 13. cxd6 cxd6 14. Qb3 b5 15. Rc1
Qb8 16. Bd3 Nf6 17. a3 O-O 18. Na2 Rc8 19. O-O h6 20. Ne6 Kh7 21. Ba5 Bxe6 22.
dxe6 Nc6 23. Bc3 Qb6 24. Nb4 Nxb4 25. Qxb4 Rc6 26. a4 bxa4 27. Qxb6 Rxb6 28.
Bc4 Rc8 29. Bd5 Nxd5 30. exd5 Bf6 31. Ra1 Kg7 32. Rxa4 Rc5 33. Rd1 Kf8 34. Bb4
Rcb5 35. Ba3 Bd8 36. Rc4 Ke7 37. g3 g5 38. h4 fxg3 39. fxg3 Rb3 40. Kg2 gxh4
41. Rxh4 Re3 42. Rxh6 Rbb3 43. Rg6 Bb6 44. Rf1 Re2+ 45. Kh3 Bf2 46. Rg7+ Ke8
47. Bxd6 1-0

[Event "Guernsey Open"]
[Site "Guernsey GCI"]
[Date "2008.10.21"]
[Round "3"]
[White "Ozanne, M."]
[Black "Norman, Kenneth I"]
[Result "1-0"]
[WhiteElo "2042"]
[BlackElo "2192"]
[PlyCount "65"]
[EventDate "2008.10.19"]
[SourceDate "2006.10.28"]

1. e4 e5 2. Nf3 Nc6 3. Bb5 a6 4. Ba4 Nf6 5. O-O b5 6. Bb3 Be7 7. Re1 d6 8. c3
O-O 9. d4 Bg4 10. d5 Na5 11. Bc2 c6 12. h3 Bxf3 13. Qxf3 cxd5 14. exd5 Rc8 15.
Nd2 b4 16. Bf5 Rb8 17. cxb4 Rxb4 18. a3 Rb8 19. b4 Nb7 20. Nb3 Nd7 21. Be3 g6
22. Bd3 Ra8 23. Qe2 Nb8 24. Rec1 Bg5 25. Bxg5 Qxg5 26. Rc7 Nd8 27. Rac1 f5 28.
Qe3 Qf6 29. f4 exf4 30. Qxf4 Nf7 31. Rb7 Ne5 32. Rcc7 Nf7 33. Nd4 1-0

[Event "Guernsey Open"]
[Site "Guernsey GCI"]
[Date "2008.10.21"]
[Round "3"]
[White "Jackson, Oliver A"]
[Black "Dijksterhuis, Rolf"]
[Result "0-1"]
[WhiteElo "2182"]
[BlackElo "2040"]
[PlyCount "130"]
[EventDate "2008.10.19"]
[SourceDate "2006.10.28"]

1. e4 c5 2. Nc3 Nc6 3. f4 d6 4. Nf3 g6 5. Bc4 e6 6. O-O Bg7 7. d3 Nge7 8. Qe1
O-O 9. f5 d5 10. Bb3 Nd4 11. Nxd4 Bxd4+ 12. Kh1 exf5 13. Bg5 f6 14. exd5 Kg7
15. Bd2 Bd7 16. Nd1 Re8 17. Qg3 Ng8 18. c3 Be5 19. Qf2 Qc7 20. g3 b5 21. d4 Bd6
22. Bf4 c4 23. Bc2 Re7 24. Ne3 Rae8 25. Rae1 Bc8 26. Bxd6 Qxd6 27. Bd1 Bb7 28.
Bf3 f4 29. gxf4 Qxf4 30. d6 Bxf3+ 31. Qxf3 Qxd6 32. Ng2 f5 33. Rxe7+ Rxe7 34.
Re1 Rxe1+ 35. Nxe1 Nf6 36. Ng2 Ng4 37. Nf4 g5 38. Nh5+ Kg6 39. Ng3 Qe6 40. Kg2
Qd5 41. h3 Ne3+ 42. Kf2 Qxf3+ 43. Kxf3 Nd1 44. d5 Nxb2 45. Ne2 Nd3 46. Ke3 Kf6
47. Kd4 f4 48. a4 a6 49. axb5 axb5 50. Ke4 Nf2+ 51. Kd4 Nxh3 52. Kc5 Ke5 53. d6
g4 54. d7 Ng5 55. Kxb5 Nf7 56. Kxc4 f3 57. Ng3 Kf4 58. Nh5+ Kg5 59. Ng3 Ne5+
60. Kd4 Nxd7 61. c4 h5 62. c5 Nxc5 63. Kxc5 h4 64. Ne4+ Kf4 65. Kd4 g3 0-1

[Event "Guernsey Open"]
[Site "Guernsey GCI"]
[Date "2008.10.21"]
[Round "3"]
[White "Havenaar, Jan"]
[Black "De Kruif, Kees"]
[Result "1-0"]
[WhiteElo "2170"]
[BlackElo "2038"]
[PlyCount "43"]
[EventDate "2008.10.19"]
[SourceDate "2006.10.28"]

1. Nc3 d5 2. e4 d4 3. Nce2 c5 4. Ng3 e5 5. Nf3 Nc6 6. Bc4 Be7 7. O-O Nf6 8. c3
O-O 9. Bb5 Bd7 10. Re1 Qc7 11. d3 dxc3 12. bxc3 a6 13. Bxc6 Bxc6 14. Bb2 Rad8
15. Qc2 Bb5 16. c4 Bc6 17. Nxe5 Nd7 18. Nxc6 Qxc6 19. Nf5 Bf6 20. e5 Qe6 21. d4
Be7 22. d5 1-0

[Event "Guernsey Open"]
[Site "Guernsey GCI"]
[Date "2008.10.21"]
[Round "3"]
[White "Downey, Keith A"]
[Black "Heppell, Ian N"]
[Result "1/2-1/2"]
[WhiteElo "1887"]
[BlackElo "2168"]
[PlyCount "50"]
[EventDate "2008.10.19"]
[SourceDate "2006.10.28"]

1. c4 e5 2. g3 Nc6 3. Bg2 f5 4. Nc3 Nf6 5. d3 Bb4 6. Bd2 O-O 7. e3 Bxc3 8. Bxc3
Qe8 9. Ne2 d6 10. O-O Qh5 11. Qd2 f4 12. exf4 Bh3 13. f3 Bxg2 14. Kxg2 Rae8 15.
Rae1 Qg6 16. b4 Nh5 17. fxe5 Nxe5 18. Bxe5 dxe5 19. Kh1 Rd8 20. Nc1 Rfe8 21.
Re4 Nf6 22. Re3 h5 23. Rfe1 h4 24. Qg2 Qh5 25. Kg1 Qg5 1/2-1/2

[Event "Guernsey Open"]
[Site "Guernsey GCI"]
[Date "2008.10.21"]
[Round "3"]
[White "Paardekam, Rene"]
[Black "Vickery, Jim"]
[Result "1/2-1/2"]
[WhiteElo "1784"]
[BlackElo "2113"]
[PlyCount "40"]
[EventDate "2008.10.19"]
[SourceDate "2006.10.28"]

1. e4 Nf6 2. Nc3 e5 3. Nf3 Nc6 4. d4 exd4 5. Nxd4 Bb4 6. Nxc6 bxc6 7. Bd3 d5 8.
exd5 cxd5 9. O-O O-O 10. Bg5 c6 11. Ne2 h6 12. Bh4 Be7 13. Nd4 Qc7 14. Re1 c5
15. Nf5 Bxf5 16. Bxf5 Rad8 17. Qe2 Rfe8 18. Bxf6 gxf6 19. Qg4+ Kh8 20. Qh4 Bf8
1/2-1/2

[Event "Guernsey Open"]
[Site "Guernsey GCI"]
[Date "2008.10.21"]
[Round "3"]
[White "Hickman, John E"]
[Black "Goris, Ton"]
[Result "1/2-1/2"]
[WhiteElo "1989"]
[BlackElo "2077"]
[PlyCount "70"]
[EventDate "2008.10.19"]
[SourceDate "2006.10.28"]

1. e4 e6 2. d3 d5 3. Nd2 Nf6 4. Ngf3 Nc6 5. c3 Bd6 6. b4 dxe4 7. dxe4 O-O 8.
Bb5 Ne5 9. Bb2 a6 10. Be2 Nxf3+ 11. Bxf3 e5 12. O-O b5 13. Qe2 Qe7 14. Rfd1 Bd7
15. Nb3 Rfd8 16. Rd3 c5 17. bxc5 Bxc5 18. Nxc5 Qxc5 19. Rad1 Kf8 20. g4 h6 21.
h4 Ke8 22. g5 hxg5 23. hxg5 Nh7 24. Qd2 Qe7 25. Bc1 Be6 26. Rxd8+ Rxd8 27.
Qxd8+ Qxd8 28. Rxd8+ Kxd8 29. a3 f6 30. gxf6 gxf6 31. Be2 Kc7 32. Be3 Kc6 33.
Bd3 Nf8 34. Kg2 Ng6 35. Kg3 Ne7 1/2-1/2

[Event "Guernsey Open"]
[Site "Guernsey GCI"]
[Date "2008.10.21"]
[Round "3"]
[White "Kamps, JW."]
[Black "Dennis, Nigel W"]
[Result "1-0"]
[WhiteElo "2039"]
[BlackElo "1978"]
[PlyCount "105"]
[EventDate "2008.10.19"]
[SourceDate "2006.10.28"]

1. e4 c5 2. Nf3 e6 3. Nc3 a6 4. d4 cxd4 5. Nxd4 g6 6. g3 Bg7 7. Bg2 Ne7 8. a4
O-O 9. O-O Nbc6 10. Nde2 Qa5 11. Bf4 Rd8 12. Bd6 Be5 13. b4 Qb6 14. Bc5 Qc7 15.
a5 Qb8 16. f4 Bc7 17. f5 d6 18. fxg6 dxc5 19. gxf7+ Kf8 20. Qc1 Be5 21. Qh6+
Bg7 22. Qxh7 cxb4 23. Nf4 Ne5 24. Nh5 Nf3+ 25. Rxf3 Qe5 26. Nxg7 Qxg7 27. Qxg7+
Kxg7 28. Na4 e5 29. Nb6 Rb8 30. Nc4 Bg4 31. Rf2 Nc6 32. Raf1 Kf8 33. Bf3 Be6
34. Be2 Rd4 35. Nb6 Nxa5 36. Rf6 Bc4 37. Bxc4 Nxc4 38. Rg6 Ke7 39. Nd5+ Rxd5
40. exd5 Rf8 41. Re6+ Kd7 42. g4 Ne3 43. Rf3 Nxc2 44. Rb6 e4 45. Rf2 Kc7 46.
Rg6 b3 47. Rg8 e3 48. Rxf8 exf2+ 49. Kxf2 b2 50. Rc8+ Kb6 51. f8=Q Ka5 52. Qc5+
b5 53. Qxc2 1-0

[Event "Guernsey Open"]
[Site "Guernsey GCI"]
[Date "2008.10.21"]
[Round "3"]
[White "Coenen, Albert"]
[Black "Von Saldern, Ruediger"]
[Result "1/2-1/2"]
[WhiteElo "1918"]
[BlackElo "2057"]
[PlyCount "70"]
[EventDate "2008.10.19"]
[SourceDate "2006.10.28"]

1. d4 d5 2. c4 e6 3. Nc3 Nf6 4. cxd5 exd5 5. Bg5 Be7 6. e3 O-O 7. Qc2 h6 8. Bh4
c6 9. Bd3 Re8 10. Nf3 Ne4 11. Bxe7 Qxe7 12. O-O Bf5 13. Rfe1 Nd7 14. Nd2 Bh7
15. f3 Nef6 16. e4 dxe4 17. fxe4 Nf8 18. e5 Bxd3 19. Qxd3 Nd5 20. Nde4 Red8 21.
Nd6 Rxd6 22. exd6 Qxd6 23. Nxd5 Qxd5 24. Re5 Qd6 25. Qe4 Ne6 26. d5 cxd5 27.
Rxd5 Qb6+ 28. Kh1 Qxb2 29. Qb1 Qf6 30. Qf1 Qe7 31. Rad1 Nc5 32. Qf3 Rf8 33. Qa3
b6 34. Rd7 Qe2 35. R7d2 Qe7 1/2-1/2

[Event "Guernsey Open"]
[Site "Guernsey GCI"]
[Date "2008.10.21"]
[Round "3"]
[White "Jamieson, Ian"]
[Black "Glover, John"]
[Result "1-0"]
[WhiteElo "2013"]
[BlackElo "1888"]
[PlyCount "85"]
[EventDate "2008.10.19"]
[SourceDate "2006.10.28"]

1. f4 Nf6 2. Nf3 d6 3. g3 c6 4. Bg2 g6 5. Nc3 Bg7 6. d3 O-O 7. e4 Qb6 8. Qe2
Nbd7 9. Qe3 Qxe3+ 10. Bxe3 e5 11. O-O Ng4 12. Bd2 exf4 13. Bxf4 Nge5 14. Rad1
Nxf3+ 15. Bxf3 Bd4+ 16. Kh1 Ne5 17. Bg2 Bg4 18. Rd2 Kg7 19. h3 Be6 20. Ra1 f6
21. Nd1 g5 22. Be3 Bb6 23. b3 Nf7 24. a4 Ba5 25. Rf2 Bd8 26. Bd4 a6 27. Ne3 Ne5
28. Nf5+ Bxf5 29. Rxf5 Be7 30. Bb2 c5 31. Bf1 Rac8 32. Be2 Kg6 33. Raf1 h6 34.
R5f2 Rcd8 35. c3 Kg7 36. d4 cxd4 37. cxd4 Nc6 38. Bc4 Rc8 39. Be6 Rcd8 40. Rc2
Rb8 41. d5 Ne5 42. Rc7 Rfe8 43. Bxe5 1-0

[Event "Guernsey Open"]
[Site "Guernsey GCI"]
[Date "2008.10.21"]
[Round "3"]
[White "Van der Sanden, Martin"]
[Black "Murray, John Stephen"]
[Result "1/2-1/2"]
[WhiteElo "1884"]
[BlackElo "2005"]
[PlyCount "49"]
[EventDate "2008.10.19"]
[SourceDate "2006.10.28"]

1. e4 c5 2. Nf3 d6 3. d4 cxd4 4. Nxd4 Nf6 5. Nc3 a6 6. Bc4 e6 7. Bb3 Nbd7 8. f4
Nc5 9. f5 e5 10. Nde2 Be7 11. Ng3 b5 12. Bg5 Nxb3 13. axb3 Bb7 14. Bxf6 Bxf6
15. Nd5 Bh4 16. Qd3 O-O 17. Rd1 Qg5 18. Qf3 Rfd8 19. O-O Bxg3 20. Qxg3 Qxg3 21.
hxg3 Ra7 22. Rd3 Kf8 23. Rfd1 Bxd5 24. Rxd5 Ke7 25. g4 1/2-1/2